Computer animation : algorithms and techniques

Αποθηκεύτηκε σε:
Λεπτομέρειες βιβλιογραφικής εγγραφής
Κύριος συγγραφέας: Parent, Rick
Μορφή: Βιβλίο
Γλώσσα:English
Δημοσίευση: Amsterdam : Morgan Kaufmann Publishers, c2002
Σειρά:Morgan Kaufmann series in computer graphics and geometric modeling
Θέματα:
Ετικέτες: Προσθήκη ετικέτας
Δεν υπάρχουν, Καταχωρήστε ετικέτα πρώτοι!

MARC

LEADER 00000nam a2200000 i 4500
001 1/36170
008 061025s2002 eng d
020 |a 1-55860-579-7 
035 |l 10085747 
040 |a GR-MY-UA  |b gre  |e aacr 
041 0 |a eng 
082 0 |a 006.696  |2 (22) 
100 1 |a Parent, Rick. 
245 1 0 |a Computer animation :  |b algorithms and techniques /  |c Rick Parent 
260 |a Amsterdam :   |b Morgan Kaufmann Publishers,   |c c2002 
300 |a 527 σ.;  |b εικ. (μερ. έγχρ.);  |c 25 εκ. 
490 1 |a The Morgan Kaufmann series in computer graphics and geometric modeling 
504 |a Περιλαμβάνει βιβλιογραφία και ευρετήριο 
650 0 0 |a Computer animation. 
830 0 |a Morgan Kaufmann series in computer graphics and geometric modeling 
852 |a INST  |b SYROS  |e 20061025  |h 006.696 PAR  |p 005500007544  |q 005500007544  |t BK  |y 0 
901 |a BIBL5-2007-1 
909 |a Ε  |b 129594 
922 |a 5ΕΛΗ  |b 200610  |c ΒΙΒΛΙΟΘΗΚΗ ΣΥΡΟΥ  |d ΜΙΧΑΛΟΠΟΥΛΟΣ 
950 |a 188-2006-09-18 
970 |a ΚΑΓΙΑΒΑ  |b ΕΙΡΗΝΗ  |z 2007/03/20